[Event "Benidorm op U2000 13th"]
[Site "Benidorm"]
[Date "2014.12.02"]
[Round "5"]
[White "Esquerdo Nogueroles, Jaime"]
[Black "Fichtinger, Leopold"]
[Result "0-1"]
[WhiteElo "1768"]
[BlackElo "1941"]
[PlyCount "62"]
[EventDate "2014.11.28"]
[EventType "swiss"]
[EventRounds "10"]
[EventCountry "ESP"]
[SourceTitle "CBM 163 Extra"]
[Source "ChessBase"]
[SourceDate "2014.12.23"]
[SourceVersion "1"]
[SourceVersionDate "2014.12.23"]
[SourceQuality "1"]

1. e4 c5 2. Nc3 a6 3. a4 d6 4. f4 Nc6 5. Nf3 Bg4 6. Bc4 e6 7. h3 Bxf3 8. Qxf3 Nd4 9. Qd3 Qh4+ 10. g3 Qh5 11. Ne2 Nc6 12. Qb3 Na5 13. Qb6 Nxc4 14. Qxb7 Rd8 15. Qxa6 d5 16. e5 Be7 17. d3 Ne3 18. Bxe3 Qf3 19. Rf1 Qxe3 20. Qc6+ Kf8 21. a5 c4 22. d4 Nh6 23. g4 g6 24. a6 Kg7 25. a7 Ra8 26. Rg1 Qxh3 27. Kd2 Nxg4 28. Rg3 Qh4 29. Qb7 Nf2 30. c3 Ne4+ 31. Ke3 Nxg3 0-1

[Event "Benidorm op U2000 13th"]
[Site "Benidorm"]
[Date "2014.12.01"]
[Round "4"]
[White "Enzi, Gerald"]
[Black "Esquerdo Nogueroles, Jaime"]
[Result "0-1"]
[WhiteElo "1924"]
[BlackElo "1768"]
[PlyCount "110"]
[EventDate "2014.11.28"]
[EventType "swiss"]
[EventRounds "10"]
[EventCountry "ESP"]
[SourceTitle "CBM 163 Extra"]
[Source "ChessBase"]
[SourceDate "2014.12.23"]
[SourceVersion "1"]
[SourceVersionDate "2014.12.23"]
[SourceQuality "1"]

1. c4 e5 2. Nc3 Bb4 3. e4 Nf6 4. d3 Bxc3+ 5. bxc3 d6 6. Bg5 Nbd7 7. Nf3 0-0 8. Be2 Re8 9. Qc2 Nc5 10. h3 Bd7 11. 0-0 h6 12. Be3 b6 13. Nh2 g5 14. h4 Ne6 15. hxg5 hxg5 16. d4 Nf4 17. f3 N6h5 18. Bf2 Kg7 19. g3 Nh3+ 20. Kg2 Rh8 21. Be3 Rh7 22. Qd2 f6 23. dxe5 dxe5 24. Rad1 Kg6 25. Ng4 c5 26. Rh1 Qh8 27. Qd6 Bxg4 28. fxg4 Ng7 29. Qd7 Rf8 30. a4 Rf7 31. Qd8 Nf4+ 32. gxf4 Rxh1 33. f5+ Nxf5 34. exf5+ Kg7 35. Qxh8+ Rxh8 36. Bf3 Rc7 37. Rd6 Re8 38. Bd5 Ree7 39. a5 Rcd7 40. Re6 Rxe6 41. fxe6 Rc7 42. axb6 axb6 43. Kf3 Kf8 44. Ke4 Ke7 45. Kf5 Ra7 46. Bxg5 fxg5 47. Kxe5 Ra3 48. Kf5 Rxc3 49. Kxg5 Rd3 50. Kf5 b5 51. Ke4 Rd4+ 52. Kf3 bxc4 53. Be4 Kxe6 54. Ke3 c3 55. g5 Rxe4+ 0-1

[Event "Provincial-ch Xixona"]
[Site "Xixona"]
[Date "2014.09.27"]
[Round "1.10"]
[White "Ramos Ferrandis, Juan Carlos"]
[Black "Esquerdo Nogueroles, Jaime"]
[Result "1/2-1/2"]
[WhiteElo "2075"]
[BlackElo "1768"]
[PlyCount "90"]
[EventDate "2014.09.27"]
[EventType "swiss"]
[EventRounds "7"]
[EventCountry "ESP"]
[SourceTitle "EXT 2024"]
[Source "ChessBase"]
[SourceDate "2023.10.10"]
[SourceVersion "1"]
[SourceVersionDate "2023.10.10"]
[SourceQuality "1"]

1. Nf3 c5 2. c4 Nc6 3. Nc3 g6 4. g3 Bg7 5. Bg2 d6 6. 0-0 Bd7 7. d3 Nf6 8. h3 Rb8 9. Be3 0-0 10. Qd2 Re8 11. Bh6 Bh8 12. Rad1 a6 13. Ng5 Nd4 14. Nge4 b5 15. b3 Nxe4 16. Nxe4 bxc4 17. dxc4 a5 18. g4 a4 19. e3 Ne6 20. f4 Bg7 21. Bxg7 Nxg7 22. Nxc5 dxc5 23. Qxd7 Qxd7 24. Rxd7 axb3 25. axb3 Rxb3 26. f5 gxf5 27. gxf5 Rxe3 28. f6 Nh5 29. fxe7 R8xe7 30. Rxe7 Rxe7 31. Rf5 Ng7 32. Rxc5 Ne6 33. Re5 Rc7 34. Bd5 Kg7 35. Kf2 Nf4 36. Kg3 Nxd5 37. cxd5 f6 38. Re3 Ra7 39. Rd3 f5 40. Kf4 Kf6 41. h4 h5 42. d6 Ke6 43. Rc3 Kf6 44. Rd3 Ke6 45. Kg5 Rd7 1/2-1/2